000 00973cam a2200229 4500
001 WB3642-15
008 000000n2000 000 0 eng u
035 _a(Sirsi) u108912
245 _aLagging behind
260 _c2000
490 _aEstate Agency News
_vOctober 2000, 6(1)
520 _aA customer satisfaction survey by property website 08004homes, shows that estate agents fall behind mortgage advisors, removal men, solicitors, surveyors and sellers in the homebuying process. The National Association of Estate Agents believes poor public perception is caused by the lack of compulsory training in estate agency.
590 _aWB
650 _aRESIDENTIAL AGENTS
650 _aCUSTOMER SATISFACTION
650 _aNATIONAL ASSOCIATION OF ESTATE AGENTS
650 _aPROPERTY-RESIDENTIAL PROPERTY-ACQUISITION AND DISPOSAL OF RESIDENTIAL PROPERTY
650 _aPROPERTY PROFESSIONALS
650 _aPERFORMANCE LEVELS
690 _aHOUSING
942 _n0
999 _c65022
_d65022